Statistiques concernant Villes de France

Cliquez ici pour prendre le quiz!

Statistiques générales

  • Ce quiz a été pris 553 fois
  • Le résultat moyen est 6 sur 15

Statistiques - réponses

Réponse% Correct
Versailles
78%
Nimes
76%
Lyon
70%
Millau
67%
La Rochelle
52%
Carcasonne
39%
Grenoble
36%
Nancy
36%
Orléans
33%
Cannes
29%
Chartre
24%
Dijon
19%
Lilles
14%
Chambery
10%
Fontainebleau
9%

Distribution des résultats

Percentile par nombre de réponses

% des personnes avec chaque résultat

Votre développement - résultats

Vous n’avez pas pris ce quiz